000 00614nam a22001817a 4500
999 _c184566
_d184566
005 20220124105310.0
010 _aENG-131326
020 _a978-93-5266-430-6
_c500.00
035 _aEN-114858
037 _bDBAD
082 _a320.954
100 _aPradhan, Ram Chandra
245 _aRaj to Swaraj:
_bA Textbook on Colonialism and Nationalism in India/
_cRam Chandra Pradhan
260 _aNew Delhi
_bPrabhat Paperbacks
_c2018
270 _bNew Delhi
_a4/19, Asaf Ali Road
_e110002
_k91-11-23289777
_mprabhatbooks@gmail.com
300 _a463p.
_c22cm(pbk)
_bIndex
942 _2ddc
_cEN
_h320.954
_mPRA